000 00572nam a2200217Ia 4500
003 OSt
005 20220926044404.0
006 a|||||r|||| 00| 0
007 ta
008 220923b |||||||| |||| 00| 0 eng d
037 _cGeneral Book
040 _aRTL
_cRTL
_beng
041 _2eng
_aeng
082 _aXsnl, G3
110 _aSociete Des Nations
_9348957
245 0 _aService D'etendes Economiques Annaire Statistique De LA
260 _c1933
700 _aSociete Des Nations
_9348958
942 _hXsnl, G3
_cGB
_2CC
999 _c674750
_d674750